LEADER 01710nam 2200349Ia 450 001 996387817403316 005 20200824132012.0 035 $a(CKB)4940000000086428 035 $a(EEBO)2248533284 035 $a(OCoLC)ocm45789302e 035 $a(OCoLC)45789302 035 $a(EXLCZ)994940000000086428 100 $a20010124d1692 uy 0 101 0 $aeng 135 $aurbn||||a|bb| 200 04$aThe Clerks grammar enlarged$b[electronic resource] $ewherein are laid down plain and easie rules for the making any bond or bill obligatory or single, with the several conditions in most cases; : also instructions how to place the names, sums and dates of the same in true proper Latin. : Likewise an exact method of drawing all manner of deeds of common use, with instructions how to raise any consideration, habendum, reddendum, reservation or covenant used therein, made more plain and intelligible to the meanest capacity than any book of this nature hitherto extant in print 205 $aThe second edition, with many addittions. 210 $aLondon $cPrinted by the assigns of Richard and Edward Atkins ... and are to be sold by D. Browne ... J. Cleave ... and J. Walthoe ...$d1692 215 $a[4], 147, [5] p 300 $aIncludes index on p. [2]-[5] at end. 300 $aAttributed by Wing (2nd ed.) to G.F. 300 $aReproduction of original in: Llyfrgell Genedlaethol Cymru/National Library of Wales. 330 $aeebo-0098 606 $aForms (Law)$zGreat Britain 615 0$aForms (Law) 701 $aG. F$01002031 801 0$bEAE 801 1$bEAE 906 $aBOOK 912 $a996387817403316 996 $aThe Clerks grammar enlarged$92324490 997 $aUNISA LEADER 03673nam 22007695 450 001 9910298511103321 005 20200920173541.0 010 $a3-319-12739-X 024 7 $a10.1007/978-3-319-12739-2 035 $a(CKB)3710000000324950 035 $a(EBL)1967547 035 $a(OCoLC)908087386 035 $a(SSID)ssj0001407884 035 $a(PQKBManifestationID)11727543 035 $a(PQKBTitleCode)TC0001407884 035 $a(PQKBWorkID)11411604 035 $a(PQKB)11645618 035 $a(DE-He213)978-3-319-12739-2 035 $a(MiAaPQ)EBC1967547 035 $a(PPN)183151992 035 $a(EXLCZ)993710000000324950 100 $a20141229d2015 u| 0 101 0 $aeng 135 $aur|n|---||||| 181 $ctxt 182 $cc 183 $acr 200 10$aCopyright Versus Open Access $eOn the Organisation and International Political Economy of Access to Scientific Knowledge /$fby Marc Scheufen 205 $a1st ed. 2015. 210 1$aCham :$cSpringer International Publishing :$cImprint: Springer,$d2015. 215 $a1 online resource (204 p.) 225 1 $aInternational Law and Economics,$x2364-1851 300 $aDescription based upon print version of record. 311 $a3-319-12738-1 320 $aIncludes bibliographical references. 327 $aIntroduction -- Some Fundamental Economics -- Academic Journal Publishing and the Open Access Movement -- On the Access Principle in Science: A Law & Economics Analysis -- The Future of Academic Publishing -- Conclusions and Further Research -- Appendix. 330 $aThis book addresses the recent debate about copyright law and its impact on the distribution of scientific knowledge from an economic perspective. The focus is on the question whether a copyright regime or an open access regime is better suited to the norms and organizational structure in a purely global science community. The book undertakes a thorough economic analysis of the academic journal market and showcases consequences of a regime change. It also takes account of the Digital Divide debate, reflecting issues in developing countries. Finally, a comprehensive analysis of legal action in the light of international Intellectual Property (IP) agreements offers prospects on the future of academic publishing. 410 0$aInternational Law and Economics,$x2364-1851 606 $aLaw and economics 606 $aMass media 606 $aLaw 606 $aGlobalization 606 $aMarkets 606 $aIndustrial organization 606 $aLaw and Economics$3https://scigraph.springernature.com/ontologies/product-market-codes/W39000 606 $aIT Law, Media Law, Intellectual Property$3https://scigraph.springernature.com/ontologies/product-market-codes/R15009 606 $aEmerging Markets/Globalization$3https://scigraph.springernature.com/ontologies/product-market-codes/525010 606 $aIndustrial Organization$3https://scigraph.springernature.com/ontologies/product-market-codes/W31010 615 0$aLaw and economics. 615 0$aMass media. 615 0$aLaw. 615 0$aGlobalization. 615 0$aMarkets. 615 0$aIndustrial organization. 615 14$aLaw and Economics. 615 24$aIT Law, Media Law, Intellectual Property. 615 24$aEmerging Markets/Globalization. 615 24$aIndustrial Organization. 676 $a330 676 $a338.6 676 $a343099 676 $a381 700 $aScheufen$b Marc$4aut$4http://id.loc.gov/vocabulary/relators/aut$01065001 906 $aBOOK 912 $a9910298511103321 996 $aCopyright Versus Open Access$92542212 997 $aUNINA